La teoría del apego (Registro nro. 5281)
[ vista simple ]
| 000 -CABECERA | |
|---|---|
| campo de control de longitud fija | 00831cam a2200277 4500 |
| 001 - NÚMERO DE CONTROL | |
| campo de control | a4662922 |
| 003 - IDENTIFICADOR DEL NÚMERO DE CONTROL | |
| campo de control | SpMaBN |
| 005 - FECHA Y HORA DE LA ÚLTIMA TRANSACCIÓN | |
| campo de control | 20210901085335.0 |
| 008 - DATOS DE LONGITUD FIJA--INFORMACIÓN GENERAL | |
| campo de control de longitud fija | 100118s2009 sp | |||| 001 0 spa |
| 015 ## - NÚMERO DE BIBLIOGRAFÍA NACIONAL | |
| Número de bibliografía nacional | MON1001 |
| 017 ## - NÚMERO DE COPYRIGHT O DE DEPÓSITO LEGAL | |
| Número de copyright o de depósito legal | SE 4823-2009 |
| Agencia que asigna | Oficina Depósito Legal Sevilla |
| 020 ## - NÚMERO INTERNACIONAL ESTÁNDAR DEL LIBRO | |
| Número Internacional Estándar del Libro | 9788488909374 |
| 035 ## - NÚMERO DE CONTROL DEL SISTEMA | |
| Número de control de sistema | (OCoLC)733843940 |
| 040 ## - FUENTE DE LA CATALOGACIÓN | |
| Centro catalogador/agencia de origen | SpMaBN |
| Centro/agencia transcriptor | AR-RoIUNI |
| 080 ## - NÚMERO DE LA CLASIFICACIÓN DECIMAL UNIVERSAL | |
| Número de la Clasificación Decimal Universal | 159.942 |
| 100 1# - ENTRADA PRINCIPAL--NOMBRE DE PERSONA | |
| Nombre de persona | Marrone, Mario |
| Número de control de registro de autoridad | XX1580962 |
| 245 13 - MENCIÓN DE TÍTULO | |
| Título | La teoría del apego |
| Medio | [Texto impreso] : |
| Resto del título | un enfoque actual |
| Mención de responsabilidad, etc. | Mario Marrone ; con la contribución de Nicola Diamond y Luis Juri ; prólogo de Hugo Bleichmar |
| 250 ## - MENCIÓN DE EDICIÓN | |
| Mención de edición | 2ª ed. |
| 260 ## - PUBLICACIÓN, DISTRIBUCIÓN, ETC. (PIE DE IMPRENTA) | |
| Lugar de publicación, distribución, etc. | Madrid |
| Nombre del editor, distribuidor, etc. | Psimática |
| Fecha de publicación, distribución, etc. | 2009 |
| 300 ## - DESCRIPCIÓN FÍSICA | |
| Extensión | 477 p. |
| Dimensiones | 24 cm |
| 650 #7 - PUNTO DE ACCESO ADICIONAL DE MATERIA--TÉRMINO DE MATERIA | |
| Término de materia o nombre geográfico como elemento inicial | Apego (Psicología) |
| Fuente del encabezamiento o término | embne |
| 700 1# - PUNTO DE ACCESO ADICIONAL--NOMBRE DE PERSONA | |
| Nombre de persona | Diamond, Nicola |
| 700 1# - PUNTO DE ACCESO ADICIONAL--NOMBRE DE PERSONA | |
| Nombre de persona | Juri, Luis |
| 942 ## - ELEMENTOS DE PUNTO DE ACCESO ADICIONAL (KOHA) | |
| Fuente del sistema de clasificación o colocación | Clasificación Decimal Universal |
| Tipo de ítem Koha | Libros |
| 956 ## - LOCALIZACIÓN Y ACCESO ELECTRÓNICOS LOCAL (OCLC) | |
| Nombre del host | 2 |
| Estado de retiro | Estado de pérdida | Fuente del sistema de clasificación o colocación | Estado dañado | Excepción de préstamo | Código de colección | Localización permanente | Ubicación/localización actual | Ubicación en estantería | Fecha de adquisición | Fuente de adquisición | Número de inventario | Total de préstamos | Signatura topográfica completa | Código de barras | Fecha visto por última vez | Precio válido a partir de | Tipo de ítem Koha | Número de copia | Nota pública |
|---|---|---|---|---|---|---|---|---|---|---|---|---|---|---|---|---|---|---|---|
| Clasificación Decimal Universal | Psicología | BIBLIOTECA RIOBAMBA | BIBLIOTECA RIOBAMBA | BIBLIOTECA RIOBAMBA | 11/02/2026 | Compra | 9264 | 159.942 MAR | 9264 | 11/02/2026 | 11/02/2026 | Libros | 2 | Psicoanalisis | |||||
| Clasificación Decimal Universal | Psicología | BIBLIOTECA VENADO TUERTO | BIBLIOTECA VENADO TUERTO | BIBLIOTECA VENADO TUERTO | 01/09/2021 | Compra | 6990 | 159.942MAR | 6990 | 01/09/2021 | 01/09/2021 | Libros |

